| 000 | 01940nam0a2200373 4500 | ||
|---|---|---|---|
| 001 | RU\NLR\BIBL_A\022037208 | ||
| 005 | 20231123153701.0 | ||
| 010 |
_a978-5-98228-262-0 _9500 |
||
| 021 |
_aRU _bКН-П-23-054354 _9КН-П-23-5454 |
||
| 035 | _a(NLR Aleph) 022037208 | ||
| 035 | _a(RuMoRGB)012054193 | ||
| 090 |
_a12557915 _c12557915 |
||
| 100 | _a20230928d2023 k y0rusy50 ca | ||
| 101 | 0 | _arus | |
| 102 | _aRU | ||
| 105 | _aach z 000zb | ||
| 181 | 0 |
_ai3 _baxxe |
|
| 182 | 0 | _an | |
| 200 | 1 |
_aЖизнь К. Д. Ушинского _e[монография] _fВ. Б. Помелов _gФедеральное государственное бюджетное образовательное учреждение высшего образования "Вятский государственный университет" |
|
| 203 |
_aТекст _bвизуальный _cнепосредственный |
||
| 210 |
_aКиров _cВятский государственный университет _d2023 |
||
| 215 |
_a215 с., [8] л. ил., портр., факс. _d21 |
||
| 300 | _aНа 4-й с. обл. авт.: Помелов В. Б. - д-р пед. наук, проф. | ||
| 309 | _aНа корешке: 11 | ||
| 320 | _aБиблиогр.: с. 180-186 (96 назв.) и в подстроч. примеч. | ||
| 600 | 1 |
_aУшинский _bК. Д. _f1824 - 1870 _gКонстантин Дмитриевич _91530415 _3RU\NLR\AUTH\66666337 |
|
| 686 | 1 | _aЧ33(2)51-273 | |
| 700 | 1 |
_aПомелов _bВ. Б. _f1953- _gВладимир Борисович |
|
| 702 | 1 |
_4280 _7ca _8rus _aУшинский _bК. Д. _f1823-1871 _gКонстантин Дмитриевич _9114219 _3RU\NLR\AUTH\774237 |
|
| 856 | 4 |
_qapplication/pdf _s[234] с. _uhttp://dlib.rsl.ru/rsl01011000000/rsl01011998000/rsl01011998207/rsl01011998207.pdf _yЧитать |
|
| 942 | _cBOOK | ||
| 980 | _aNB | ||